Código penal (Registro nro. 13836)
[ vista simple ]
| 000 -Cabecera | |
|---|---|
| Campo de control de longitud fija | 00629ntm a22002537a 4500 |
| 005 - Fecha y hora de la última transacción | |
| Campo de control | 20260123110125.0 |
| 008 - Elementos de longitud fija--Información general | |
| Campo de control de longitud fija | 260123b2025 xxu||||| |||| 00| 0 spa d |
| 020 ## - International Standard Book Number | |
| Número Internacional Estándar del Libro (ISBN) | 9789977130302 |
| 041 ## - Idioma | |
| Código de idioma | Español |
| 082 ## - Clasificación Decimal Dewey | |
| Número de clasificación | 345.05 C8374c27 |
| 100 ## - Entrada principal--Autor personal | |
| Nombre personal | Costa Rica. Leyes, decretos, etc. |
| 245 ## - Título propiamente dicho | |
| Título | Código penal |
| 250 ## - Edición | |
| Mención de edición | 27 edición |
| 260 ## - Pie de imprenta | |
| Lugar de publicación, distribución, etc. | Costa Rica |
| 260 ## - Pie de imprenta | |
| Nombre del editor, distribuidor, etc. | IJSA |
| 260 ## - Pie de imprenta | |
| Fecha de publicación, distribución, etc. | 2025 |
| 300 ## - Descripción física | |
| Extensión | 364 páginas |
| 490 ## - Serie | |
| Título de la Serie | Investigación Criminal |
| 650 ## - Materia general | |
| Temática (materia general) | COSTA RICA |
| 650 ## - Materia general | |
| Temática (materia general) | LEGISLACIÓN |
| 650 ## - Materia general | |
| Temática (materia general) | DERECHO PENAL |
| 650 ## - Materia general | |
| Temática (materia general) | LEY CONTRA EL ACOSO SEXUAL CALLEJERO |
| 942 ## - Punto de acceso adicional KOHA | |
| Tipo de ítem KOHA | Libro |
| Fuente del sistema de clasificación o colocación | Dewey Decimal Classification |
| Signatura completa | Código de barras | Programa Académico | Tipo de ítem |
|---|---|---|---|
| 345.05 C8374c27 | 26090 | Investigación Criminal | Libro |
| 345.05 C8374c27 | 26091 | Investigación Criminal | Libro |
| 345.05 C8374c27 | 26092 | Investigación Criminal | Libro |
| 345.05 C8374c27 | 26093 | Investigación Criminal | Libro |
| 345.05 C8374c27 | 26094 | Investigación Criminal | Libro |
| 345.05 C8374c27 | 26095 | Investigación Criminal | Libro |
| 345.05 C8374c27 | 26096 | Investigación Criminal | Libro |
| 345.05 C8374c27 | 26097 | Investigación Criminal | Libro |
| 345.05 C8374c27 | 26098 | Investigación Criminal | Libro |
| 345.05 C8374c27 | 26099 | Investigación Criminal | Libro |
| 345.05 C8374c27 | 26100 | Investigación Criminal | Libro |
| 345.05 C8374c27 | 26101 | Investigación Criminal | Libro |
| 345.05 C8374c27 | 26102 | Investigación Criminal | Libro |
| 345.05 C8374c27 | 26103 | Investigación Criminal | Libro |
| 345.05 C8374c27 | 26104 | Investigación Criminal | Libro |
| 345.05 C8374c27 | 26105 | Investigación Criminal | Libro |
| 345.05 C8374c27 | 26106 | Investigación Criminal | Libro |
| 345.05 C8374c27 | 26107 | Investigación Criminal | Libro |
| 345.05 C8374c27 | 26108 | Investigación Criminal | Libro |
| 345.05 C8374c27 | 26109 | Investigación Criminal | Libro |